[Event "Berlin Lichtenberger op 14th"]
[Site "Berlin"]
[Date "2015.08.16"]
[Round "2"]
[White "Alvarez, Leonardo"]
[Black "Hoemke, Holger"]
[Result "1-0"]
[WhiteElo "1853"]
[BlackElo "1568"]
[PlyCount "77"]
[EventDate "2015.08.15"]
[EventType "swiss"]
[EventRounds "9"]
[EventCountry "GER"]
[SourceTitle "EXT 2016"]
[Source "ChessBase"]
[SourceDate "2015.10.08"]
[SourceVersion "1"]
[SourceVersionDate "2015.10.08"]
[SourceQuality "1"]

1. e4 e6 2. d4 d5 3. e5 c5 4. c3 Qb6 5. Nf3 Nc6 6. Bd3 Bd7 7. dxc5 Bxc5 8. Qe2 f6 9. 0-0 0-0-0 10. b4 Be7 11. a4 fxe5 12. Nxe5 Nxe5 13. Qxe5 Bf6 14. Qe2 Qc7 15. Be3 Kb8 16. Rc1 e5 17. f3 Ne7 18. Na3 Nf5 19. Bf2 Bg5 20. Rc2 Rhf8 21. Nb5 Bxb5 22. axb5 b6 23. Bxf5 Rxf5 24. c4 dxc4 25. Rxc4 Qd6 26. g4 Rf7 27. Rc6 Qd5 28. Kg2 Rdf8 29. Bg3 Bf4 30. Rd1 Qb3 31. Bxf4 Rxf4 32. Qxe5+ Ka8 33. Rd8+ Rxd8 34. Qxf4 Qd5 35. Kg3 Qxb5 36. Qe4 Kb8 37. Qf4+ Ka8 38. Rc7 Qxb4 39. Qxb4 1-0

[Event "Berlin Lichtenberger op 14th"]
[Site "Berlin"]
[Date "2015.08.15"]
[Round "1"]
[White "Hoemke, Holger"]
[Black "Thesing, Ansgar"]
[Result "0-1"]
[WhiteElo "1568"]
[BlackElo "1933"]
[PlyCount "44"]
[EventDate "2015.08.15"]
[EventType "swiss"]
[EventRounds "9"]
[EventCountry "GER"]
[SourceTitle "EXT 2016"]
[Source "ChessBase"]
[SourceDate "2015.10.08"]
[SourceVersion "1"]
[SourceVersionDate "2015.10.08"]
[SourceQuality "1"]

1. c4 e5 2. Nc3 Nc6 3. g3 g6 4. Bg2 Bg7 5. Nf3 f5 6. d3 Nf6 7. Bg5 0-0 8. e4 d6 9. Qd2 fxe4 10. dxe4 Be6 11. b3 Qd7 12. h3 Nd4 13. Bxf6 Nxf3+ 14. Bxf3 Rxf6 15. Bg2 Raf8 16. f3 a6 17. 0-0-0 R6f7 18. Nd5 b5 19. h4 bxc4 20. bxc4 Rb8 21. h5 Qa4 22. Qc2 Qa3+ 0-1

[Event "Berlin Lieb Memorial 1st"]
[Site "Berlin"]
[Date "2015.05.28"]
[Round "2"]
[White "Hoemke, Holger"]
[Black "Woelfert, Juergen"]
[Result "1/2-1/2"]
[WhiteElo "1581"]
[BlackElo "1788"]
[PlyCount "103"]
[EventDate "2015.05.21"]
[EventType "swiss"]
[EventRounds "7"]
[EventCountry "GER"]
[SourceTitle "EXT 2022"]
[Source "ChessBase"]
[SourceDate "2021.10.06"]
[SourceVersion "1"]
[SourceVersionDate "2021.10.06"]
[SourceQuality "1"]

1. c4 e6 2. d4 Nf6 3. Nc3 Bb4 4. Bg5 d5 5. Nf3 0-0 6. e3 Nbd7 7. cxd5 exd5 8. Bd3 Re8 9. 0-0 c6 10. h3 Bd6 11. Qc2 h6 12. Bxf6 Nxf6 13. Bf5 Bxf5 14. Qxf5 Qe7 15. Nd2 Qe6 16. Qc2 Re7 17. a3 Rae8 18. b4 Bb8 19. Rfe1 Qd6 20. Nf1 Qe6 21. Rac1 g6 22. Qe2 Qf5 23. Qc2 Qh5 24. Qe2 Qf5 25. Qc2 Qe6 26. Qe2 h5 27. Nd2 Qd6 28. Nf1 Kg7 29. Qf3 Ne4 30. Qe2 f5 31. f4 Nxc3 32. Rxc3 Qxf4 33. b5 Qd6 34. bxc6 bxc6 35. Qc2 Rc8 36. Rc1 Re6 37. Qd3 Re4 38. Qa6 Qe6 39. Rxc6 Rxc6 40. Rxc6 Qf7 41. Rc8 Re6 42. Qa5 Rb6 43. Qa4 f4 44. exf4 Bxf4 45. Rd8 Rb1 46. Qe8 Kf6 47. Qc6+ Kg7 48. Qe8 Kf6 49. Qc6+ Kg5 50. Qxd5+ Qf5 51. Qxf5+ Kxf5 52. Re8 1/2-1/2